| 000 | 00488 a2200157 4500 | ||
|---|---|---|---|
| 999 |
_c9858 _d9858 |
||
| 020 | _a9783659529948 | ||
| 050 | _aKTL19.A35BUT2015 | ||
| 100 |
_aButhelezi , Michael Mbongiseni _eauthor |
||
| 245 |
_aIntroduction to New South African Law / _cMichael Mbongiseni Buthelezi |
||
| 264 |
_aGerman: _bLAP LAMBERT Acardemic Publishing, _cc2015 |
||
| 300 | _a126p. : | ||
| 500 | _aincludes index | ||
| 650 | _aSouth African law | ||
| 700 | _aSouth African Law | ||
| 942 |
_2lcc _cBK _h19.A35 _iBUT _kKTL |
||